L'occhio del gatto

保存先:
書誌詳細
第一著者: Alberto Bevilacqua
フォーマット: 図書
言語:言語不明
出版事項: Rizzoli
タグ: タグ追加
タグなし, このレコードへの初めてのタグを付けませんか!

MARC

LEADER 00000nam a2200000Ia 4500
001 R-533
003 CODICE-MESSINA
005 20260212102453.0
008 260211s9999 xx 000 0 und d
040 |c importazione_messina 
100 |a Alberto Bevilacqua 
245 0 |a L'occhio del gatto 
260 |b Rizzoli 
942 |2 ddc  |c BK 
952 |0 0  |1 0  |2 ddc  |4 0  |6 SCAFFALE_5_000000000000000__ROMANZI  |7 0  |9 31353  |a ME  |b ME  |d 2026-02-11  |l 0  |o SCAFFALE 5 - ROMANZI  |p R-533  |r 2026-02-11 23:52:30  |w 2026-02-11  |x [REVISIONARE]  |y BK 
999 |c 27018  |d 27018